00466nam a2200193 a 4500001001300000003000900013005001700022008004100039020002500080082001300105100001800118245002500136260002500161300000900186500003500195505001000230650001400240700001800254nice12345678IN_TiNIC20260116012242.0050524s1979 lona grp 000 0 eng  a0281780 c200.600a234bWIE aWiederkehr, D aBelief in Redemption aLondon bSPCK c1979 a109p aincludes index and biblioraphy2 aNotes aSalvation1 aWiederkehr, D